Stepping up to superviser (Record no. 417879)

MARC details
000 -LEADER
fixed length control field 00351nam a2200157Ia 4500
008 - FIXED-LENGTH DATA ELEMENTS--GENERAL INFORMATION
fixed length control field 230605s2003 xx 000 0 und d
041 ## - LANGUAGE CODE
Language code of text/sound track or separate title eng
100 ## - MAIN ENTRY--PERSONAL NAME
Personal name Haynes
245 ## - TITLE STATEMENT
Title Stepping up to superviser
260 ## - PUBLICATION, DISTRIBUTION, ETC.
Name of publisher, distributor, etc. Viva books Mumbai
Date of publication, distribution, etc. 2003
-- 2003
300 ## - PHYSICAL DESCRIPTION
Extent 178
365 ## - TRADE PRICE
Price amount 108
Tax rate 1 20
500 ## - GENERAL NOTE
General note 259
520 ## - SUMMARY, ETC.
Summary, etc. General
650 ## - SUBJECT ADDED ENTRY--TOPICAL TERM
Topical term or geographic name entry element Hos.

No items available.